अव्दितीय साहस कथा भाग -2 (Record no. 456276)

MARC details
000 -LEADER
fixed length control field 00490nam a2200157Ia 4500
008 - FIXED-LENGTH DATA ELEMENTS--GENERAL INFORMATION
fixed length control field 100204s9999 xx 000 0 und d
082 ## - DEWEY DECIMAL CLASSIFICATION NUMBER
Item number 11864
100 ## - MAIN ENTRY--PERSONAL NAME
Personal name केळकर ग. म.
245 ## - TITLE STATEMENT
Title अव्दितीय साहस कथा भाग -2
250 ## - EDITION STATEMENT
Edition statement 0
260 ## - PUBLICATION, DISTRIBUTION, ETC. (IMPRINT)
Date of publication, distribution, etc 1988
300 ## - PHYSICAL DESCRIPTION
Extent 66
630 ## - SUBJECT ADDED ENTRY--UNIFORM TITLE
Uniform title अव्दितीय साहस कथा भाग -2
730 ## - ADDED ENTRY--UNIFORM TITLE
Uniform title अव्दितीय साहस कथा भाग -2
942 ## - ADDED ENTRY ELEMENTS (KOHA)
Koha item type Book
Holdings
Withdrawn status Lost status Damaged status Not for loan Home library Current library Date acquired Cost, normal purchase price Total Checkouts Full call number Barcode Date last seen Cost, replacement price Price effective from Koha item type
        N. C. Kelkar Sarvajanik Library, Mulund N. C. Kelkar Sarvajanik Library, Mulund 05/26/1989 16.00   11864 NCKMULUND-11864 02/04/2010 16.00 02/04/2010 Book